| 000 | 00819nas a2200265 4500 | ||
|---|---|---|---|
| 001 | BR0805442 | ||
| 003 | BR-BrBNA | ||
| 005 | 20231205112428.0 | ||
| 007 | ta | ||
| 008 | 230509b bl.|||p| |||| 00| 00por d | ||
| 040 |
_aBR-BrBNA _bpor _cBiblioteca Nacional de Agricultura |
||
| 041 | _a(Pt) | ||
| 072 | _aL02 | ||
| 100 | 1 | _aCanto, M.W. do | |
| 100 | 1 | _aJobim, C.C. | |
| 100 | 1 | _aGasparino, E. | |
| 100 | 1 | _aHoeschi, A.R. | |
| 245 | 1 | _aCaracterísticas do pasto e acúmulo de forragem em capim-Tanzânia submetido a alturas de manejo do pasto | |
| 650 | _aCAPIM COLONIÃO | ||
| 650 | _aPASTAGEM | ||
| 650 | _aFORRAGEM | ||
| 773 | 0 |
_tPesquisa Agropecuaria Brasileira (Brazil) _xISSN 0100-204X _g(Mar 2008), v. 43(3) p. 429-435 _wBR0805442 |
|
| 909 |
_a202311 _bLúcia _c55 _dLúcia Elande |
||
| 942 |
_2AGRIS _n0 _cANA |
||
| 999 |
_c198028 _d198028 |
||